Shikshakara dairiyinda: mareyalagada ghatanegalu (Record no. 122265)
[ view plain ]
| 000 -LEADER | |
|---|---|
| fixed length control field | 00754nam a2200241Ia 4500 |
| 003 - CONTROL NUMBER IDENTIFIER | |
| control field | OSt |
| 005 - DATE AND TIME OF LATEST TRANSACTION | |
| control field | 20251113121154.0 |
| 008 - FIXED-LENGTH DATA ELEMENTS--GENERAL INFORMATION | |
| fixed length control field | 210210b2017 xxu||||| |||| 00| 0 eng d |
| 040 ## - CATALOGING SOURCE | |
| Transcribing agency | AL |
| 041 ## - LANGUAGE CODE | |
| Language code of text/sound track or separate title | Kannada |
| 082 ## - DEWEY DECIMAL CLASSIFICATION NUMBER | |
| Classification number | K894.4 PRAS |
| 100 ## - MAIN ENTRY--PERSONAL NAME | |
| Personal name | PRASAD (B R) Ed |
| Dates associated with a name | ಪ್ರಸಾದ್ (ಬಿ ಆರ್) |
| 9 (RLIN) | 245396 |
| 245 ## - TITLE STATEMENT | |
| Title | Shikshakara dairiyinda: mareyalagada ghatanegalu |
| Remainder of title | ಶಿಕ್ಷಕರ ಡೈರಿಯಿಂದ: ಮರೆಯಲಾಗದ ಘಟನೆಗಳು |
| 260 ## - PUBLICATION, DISTRIBUTION, ETC. | |
| Place of publication, distribution, etc. | Bengaluru |
| Name of publisher, distributor, etc. | - |
| Date of publication, distribution, etc. | 2017 |
| 300 ## - PHYSICAL DESCRIPTION | |
| Extent | 258 |
| 650 ## - SUBJECT ADDED ENTRY--TOPICAL TERM | |
| Topical term or geographic name entry element | Shikshakara |
| 9 (RLIN) | 245397 |
| 650 ## - SUBJECT ADDED ENTRY--TOPICAL TERM | |
| Topical term or geographic name entry element | mareyalagada |
| 9 (RLIN) | 245398 |
| 650 ## - SUBJECT ADDED ENTRY--TOPICAL TERM | |
| Topical term or geographic name entry element | ghatanegalu |
| 9 (RLIN) | 245399 |
| 650 ## - SUBJECT ADDED ENTRY--TOPICAL TERM | |
| Topical term or geographic name entry element | dairiyinda: |
| 9 (RLIN) | 245400 |
| 690 ## - LOCAL SUBJECT ADDED ENTRY--TOPICAL TERM (OCLC, RLIN) | |
| Topical term or geographic name as entry element | Kannada Prose |
| 9 (RLIN) | 245401 |
| 906 ## - LOCAL DATA ELEMENT F, LDF (RLIN) | |
| a | 072366 |
| 942 ## - ADDED ENTRY ELEMENTS (KOHA) | |
| Source of classification or shelving scheme | Dewey Decimal Classification |
| Koha item type | Book |
| Withdrawn status | Lost status | Source of classification or shelving scheme | Damaged status | Not for loan | Collection code | Home library | Current library | Shelving location | Date acquired | Source of acquisition | Cost, normal purchase price | Total Checkouts | Full call number | Barcode | Date last seen | Price effective from | Koha item type |
|---|---|---|---|---|---|---|---|---|---|---|---|---|---|---|---|---|---|
| Dewey Decimal Classification | Kannada | St Aloysius Library | St Aloysius Library | 02/17/2021 | Navakarnataka Publication Pvt Ltd., Mangalore. | 220.00 | K894.4 PRAS | 072366 | 02/17/2021 | 02/17/2021 | Book |